000
00309nam a22001337a 4500
008
170227b xxu||||| |||| 00| 0 eng d
020
_a
9780781750042
041
_a
eng
080
_2
3RD
_a
617
100
_a
5
101
_a
SHK
245
_a
ESSENTIAL OF SURGICAL SPECIALITIES
_c
LAWRENCE, P.F
942
_2
udc
_c
BK
999
_c
6285
_d
6285